[Event "Barcelona Sant Marti op 9th"]
[Site "Barcelona"]
[Date "2020.02.20"]
[Round "6"]
[White "Romero Funieles, Rafael de Jesus"]
[Black "Aguila Barcelo, Lluis"]
[Result "0-1"]
[WhiteElo "1654"]
[BlackElo "1822"]
[PlyCount "94"]
[EventDate "2020.01.16"]
[EventType "swiss"]
[EventRounds "9"]
[EventCountry "ESP"]
[SourceTitle "CBM 195 Extra"]
[Source "ChessBase"]
[SourceDate "2020.05.31"]
[SourceVersion "1"]
[SourceVersionDate "2020.05.31"]
[SourceQuality "1"]

1. e4 c5 2. c4 Nc6 3. Nf3 g6 4. Be2 Bg7 5. Nc3 d6 6. h3 Nf6 7. d3 Bd7 8. Be3 a6 9. a3 0-0 10. Qc1 Na5 11. Bd1 b5 12. b4 Nb7 13. e5 dxe5 14. Nxe5 Bf5 15. Bf3 Qc7 16. Bf4 Nh5 17. Bxb7 Qxb7 18. f3 Nxf4 19. Qxf4 Qc7 20. d4 cxd4 21. Nd5 Qxe5+ 22. Qxe5 Bxe5 23. Nxe7+ Kg7 24. Nxf5+ gxf5 25. c5 a5 26. Kf2 f4 27. Rhe1 f6 28. c6 Rfc8 29. Rac1 axb4 30. axb4 Ra6 31. Rc5 Rcxc6 32. Rxb5 Rab6 33. Rxb6 Rxb6 34. Rb1 Kf7 35. Ke2 Ke6 36. Kd3 Kd5 37. Rb2 Bd6 38. b5 f5 39. Rb1 Bc5 40. Rb2 Rd6 41. Kd2 Kc4 42. Rb1 Bb4+ 43. Ke2 Re6+ 44. Kd1 Re1+ 45. Kc2 Rxb1 46. Kxb1 Kxb5 47. Kc2 Kc4 0-1

[Event "Barcelona Sant Marti op 9th"]
[Site "Barcelona"]
[Date "2020.02.06"]
[Round "4"]
[White "Gonzalez Canovas, Sebastian"]
[Black "Aguila Barcelo, Lluis"]
[Result "0-1"]
[WhiteElo "1612"]
[BlackElo "1822"]
[PlyCount "99"]
[EventDate "2020.01.16"]
[EventType "swiss"]
[EventRounds "9"]
[EventCountry "ESP"]
[SourceTitle "CBM 195 Extra"]
[Source "ChessBase"]
[SourceDate "2020.05.31"]
[SourceVersion "1"]
[SourceVersionDate "2020.05.31"]
[SourceQuality "1"]

1. d4 c5 2. c3 e6 3. Nf3 d5 4. a3 cxd4 5. cxd4 Nc6 6. Nc3 a6 7. Bf4 Bd6 8. Bg3 Nf6 9. e3 Ne4 10. Nxe4 dxe4 11. Nd2 Bxg3 12. hxg3 f5 13. Rc1 0-0 14. Nb3 Ne7 15. Bc4 b5 16. Be2 Bb7 17. f4 exf3 18. Bxf3 Nd5 19. Kf2 Qd6 20. Nc5 Rab8 21. b4 Ba8 22. Rh4 g5 23. Rh5 g4 24. Rg5+ Kh8 25. Bxd5 Qxd5 26. Qf1 Rbe8 27. Qh1 e5 28. Rh5 Rf7 29. Rd1 Qa2+ 30. Kg1 Qe2 31. Kh2 Qxe3 32. Qg1 Qxg1+ 33. Kxg1 Kg7 34. dxe5 Rxe5 35. Kf2 Rfe7 36. Rd7 Re2+ 37. Kf1 Bxg2+ 38. Kg1 Rxd7 39. Nxd7 Bc6 40. Nc5 Kg6 41. Rh4 Rg2+ 42. Kf1 Rxg3 43. Nxa6 Rxa3 44. Nc5 h5 45. Ne6 Ra4 46. Nd4 Kg5 47. Rh2 Ra1+ 48. Kf2 Ra2+ 49. Ne2 Bf3 50. Ke3 0-1